|
|
|
|
| LEADER |
00000nab a2200000 a 4500 |
| 001 |
vtls010738309 |
| 003 |
SK-MaSNL |
| 005 |
20260304193214.0 |
| 008 |
250709s1993 xo |||||||||||||||||slo| |
| 035 |
|
|
|a (urnnbn)urn:nbn:sk:snk:ar-a05m2h
|
| 035 |
|
|
|a (uuid)5aef79c8-5d14-4d97-b03c-a5de1c2989e2
|
| 035 |
|
|
|a urn:nbn:sk:snk-ab3za6
|
| 040 |
|
|
|a SNKBUCL
|b slo
|c SNKBUCL
|e AACR2
|
| 041 |
0 |
|
|a cze
|
| 044 |
|
|
|a xo
|c SK
|
| 100 |
1 |
|
|a Vorlíček, Jiří,
|d 1944-
|4 aut
|9 116001
|
| 245 |
1 |
0 |
|a PALIATIVNÍ LÉČBA ONKOLOGICKÝCH NEMOCNÝCH
|c J. Vorlíček, J. Skřičková
|
| 700 |
1 |
|
|a Skřičková, J.
|4 aut
|9 1521379
|
| 773 |
0 |
|
|t Klinická onkologie : časopis České a Slovenské onkologické společnosti
|g Roč. 6, č. 4 (1993), s. 119-122
|
| 850 |
|
|
|a Slovenská národná knižnica
|
| 852 |
|
|
|a Slovenská národná knižnica
|
| 954 |
|
|
|a odborná, vedecká literatúra cudzojazyčná (svetová)
|2 lita
|
| 958 |
|
|
|a article1
|
| 958 |
|
|
|a OND
|
| 958 |
|
|
|a EUIPO
|
| 999 |
|
|
|c 3065821
|d 3067751
|